Countries and Capitals Starting With T - Two Minute Sprint - Statistics

General Stats
  • This quiz has been taken 75 times
  • The average score is 15 of 22
Answer Stats
country/capital % Correct
Turkmenistan
87%
Togo
85%
Turkey
85%
Thailand
80%
Tunis
80%
Tunisia
80%
Tanzania
78%
Taiwan
76%
Tajikistan
74%
Trinidad and Tobago
74%
Tonga
72%
Tuvalu
72%
Tashkent
67%
Taipei
65%
Tehran
65%
Tokyo
61%
Tripoli
61%
Tegucigalpa
54%
Tallinn
50%
Thimphu
50%
Tirana
48%
Tbilisi
43%
No matching quizzes found
Score Distribution
Percent of People with Each Score
Percentile by Number Answered
Your Score History
You have not taken this quiz